000 00503ntaaa2200193 4500
003 01
005 20251027202449.0
008 0714s1973 ag 01
040 _aAR-BaBN
_bspa
_cAR-BaBN
_eaacr
_dRIC
082 _a266.0980 Es8
100 _aEstep, Jr., William R.
_923533
245 _aColumbia: Land of confict and promise.
250 _a1 ed.
260 _aNashville :
_bConvention Press,
_cc1968
300 _a128 p.
500 _aestudio misionero de Columbia
650 _aMisiones
942 _cBK
999 _c19647
_d19647